000 00440nam a2200157 4500
001 110096
003 ES-MaACL
005 20230906184956.0
007 t|
008 061121s1971 sp r ||||1| spa d
100 1 _aOraison, Marc.
_987144
245 1 0 _aPsicología de nuestros conflictos con los demás /
_cMarc Oraison.
260 _aBilbao :
_bMensajero,
_c1971.
300 _a180 p. ;
_c18 cm.
852 _aES-MaACL
_jC-46578
_bR.80608
999 _c110096
_d110096